000 00417nam a2200181Ia 4500
003 0100
008 130303s9999 xx 000 0 und d
040 _cARRUPELIB
050 _aJ6531.G71967
100 _aGripp, Richard C
245 _aPatterns of Soviet Politics
250 _aRevised edition
260 _aHomewood, Illinois
260 _bThe Dorsey Press
260 _C1967
300 _a386p
942 0 0 _01
999 _c37384
_d37384